000 00893nam a2200253Ia 4500
003 OSt
005 20221005111718.0
006 a|||||r|||| 00| 0
007 ta
008 221004b |||||||| |||| 00| 0 hin d
024 _a30775
037 _cTextual
040 _aCRL
_cCRL
_bhin
041 _2hin
_ahin
082 _aV5.N5, 152M6
100 _aचौहान, देवेन्द्रसिंह
245 0 _aसमकालीन यूरोप 1919-1956
246 _aSamakālīn yūrop 1919-1956
250 _aद्वितीय संस्करण
260 _aभोपाल
_bमध्यप्रदेश हिंदी ग्रंथ अकादमी भारत
_c1986
300 _a659पृ.
_ccm.
942 _hV5.N5, 152M6
_cTEXL
_2cc
999 _c1022673
_d1022673